000 00360nam a22001097a 4500
082 _a954
100 _aबंंसल, सोनाली
_981994
245 _aआधुनिक भारत का इतिहास द्वितीय संस्‍करण
260 _aChannai
_bMcGrawHill
_c2023
650 _aइतिहास
942 _cHIN
999 _c66280
_d66280